Ethics in forensic psychology practice (Record no. 23337)

MARC details
000 -LEADER
fixed length control field 00453nam a2200169Ia 4500
008 - FIXED-LENGTH DATA ELEMENTS--GENERAL INFORMATION
fixed length control field 230917s9999||||xx |||||||||||||| ||und||
020 ## - ISBN
Price USD69.95
040 ## - CATALOGING SOURCE
-- 241365
Original cataloging agency VIVEKANANDA LIBRARY
041 ## - Language
-- English
082 ## - DDC NUMBER
Classification number 363.2501 O9E
100 ## - MAIN ENTRY--PERSONAL NAME
Personal name Otto, Randy K
245 #0 - TITLE STATEMENT
Title Ethics in forensic psychology practice
260 ## - PUBLICATION, DISTRIBUTION, ETC. (IMPRINT)
Place of publication, distribution, etc Hoboken
Name of publisher, distributor, etc Wiley
Date of publication, distribution, etc 2017
300 ## - PHYSICAL DESCRIPTION
Pages xii, 259 p.
500 ## - GENERAL NOTE
General note 2797 27/07/2017 APD17/1058554 28/07/2017 Main Budget
942 ## - ADDED ENTRY ELEMENTS (KOHA)
Koha item type Books
Holdings
Withdrawn status Lost status Damaged status Not for loan Location (home branch) Sublocation or collection (holding branch) Date acquired Koha issues (times borrowed) Koha full call number Accession No. Koha date last seen Koha item type
        VIVEKANANDA LIBRARY VIVEKANANDA LIBRARY 19/09/2017   363.2501 O9E 366775 17/09/2023 Books
© Designed and Maintained by Vivekananda Library, MDU Rohtak